Introductory statistics for engineering experimentation / (Record no. 184766)

000 -LEADER
fixed length control field 01349 a2200253 4500
003 - CONTROL NUMBER IDENTIFIER
control field Nust
005 - DATE AND TIME OF LATEST TRANSACTION
control field 20221020172559.0
010 ## - LIBRARY OF CONGRESS CONTROL NUMBER
LC control number 2003049385
020 ## - INTERNATIONAL STANDARD BOOK NUMBER
International Standard Book Number 0125154232
040 ## - CATALOGING SOURCE
Transcribing agency Nust
082 00 - DEWEY DECIMAL CLASSIFICATION NUMBER
Classification number 620.00727,NEL
100 1# - MAIN ENTRY--PERSONAL NAME
Personal name Nelson, Peter R.
9 (RLIN) 101044
245 10 - TITLE STATEMENT
Title Introductory statistics for engineering experimentation /
Statement of responsibility, etc. Peter R. Nelson, Marie Coffin, Karen A.F. Copeland.
260 ## - PUBLICATION, DISTRIBUTION, ETC.
Place of publication, distribution, etc. Amsterdam ;
-- Boston :
Name of publisher, distributor, etc. Academic Press,
Date of publication, distribution, etc. 2003.
300 ## - PHYSICAL DESCRIPTION
Extent xii, 514 p. :
Other physical details ill. ;
Dimensions 23 cm.
505 ## - FORMATTED CONTENTS NOTE
Formatted contents note Introduction (Page-1), Summarizing Data (Page-6), Models for Experiments Outcomes (Page-35), Models for The Random Error (Page-84), Inference for a Single Population (Page-155), Comparing Two Populations (Page-217), One-Factor Multi-Sample Experiments (Page-245), Experiments with Two Factors (Page-295), Multi-Factor Experiments (Page-338), Inference for Regression Models (Page-369), Response Surface Methods (Page-395), Appendices (Page-424).
650 #0 - SUBJECT ADDED ENTRY--TOPICAL TERM
Topical term or geographic name entry element Engineering
General subdivision Experiments.
9 (RLIN) 40586
650 #0 - SUBJECT ADDED ENTRY--TOPICAL TERM
Topical term or geographic name entry element Engineering
General subdivision Statistical methods.
9 (RLIN) 129
700 1# - ADDED ENTRY--PERSONAL NAME
Personal name Coffin, Marie.
9 (RLIN) 101045
700 1# - ADDED ENTRY--PERSONAL NAME
Personal name Copeland, Karen A. F.
9 (RLIN) 101046
856 41 - ELECTRONIC LOCATION AND ACCESS
Materials specified Publisher description
Uniform Resource Identifier <a href="http://www.loc.gov/catdir/description/els033/2003049385.html">http://www.loc.gov/catdir/description/els033/2003049385.html</a>
856 41 - ELECTRONIC LOCATION AND ACCESS
Materials specified Table of contents
Uniform Resource Identifier <a href="http://www.loc.gov/catdir/toc/els033/2003049385.html">http://www.loc.gov/catdir/toc/els033/2003049385.html</a>
942 ## - ADDED ENTRY ELEMENTS (KOHA)
Source of classification or shelving scheme
Koha item type Book
Holdings
Withdrawn status Lost status Source of classification or shelving scheme Damaged status Not for loan Permanent Location Current Location Shelving location Date acquired Full call number Barcode Date last seen Price effective from Koha item type Public note
          Military College of Signals (MCS) Military College of Signals (MCS) General Stacks 12/12/2016 310,NEL MCS31609 12/08/2016 12/12/2016 Book Almirah No.27, Shelf No.2
© 2023 Central Library, National University of Sciences and Technology. All Rights Reserved.